[Event "Canadian op"]
[Site "Toronto"]
[Date "2010.07.14"]
[Round "6"]
[White "Abrahams, Daniel"]
[Black "Puri, Vinny"]
[Result "0-1"]
[WhiteElo "2093"]
[BlackElo "2326"]
[PlyCount "26"]
[EventDate "2010.07.10"]
[EventType "swiss"]
[EventRounds "9"]
[EventCountry "CAN"]
[SourceTitle "EXT 2022"]
[Source "ChessBase"]
[SourceDate "2021.10.06"]
[SourceVersion "1"]
[SourceVersionDate "2021.10.06"]
[SourceQuality "1"]

1. e4 e5 2. Nf3 Nc6 3. Bb5 f5 4. d3 fxe4 5. dxe4 Nf6 6. 0-0 Bc5 7. Qd3 d6 8. Qc4 Qe7 9. Nc3 a6 10. Ba4 b5 11. Nxb5 axb5 12. Bxb5 Bd7 13. b4 Nxb4 0-1

[Event "Canadian op"]
[Site "Toronto"]
[Date "2010.07.14"]
[Round "5"]
[White "Puri, Vinny"]
[Black "Gagunashvili, Merab"]
[Result "0-1"]
[WhiteElo "2326"]
[BlackElo "2592"]
[PlyCount "88"]
[EventDate "2010.07.10"]
[EventType "swiss"]
[EventRounds "9"]
[EventCountry "CAN"]
[SourceTitle "EXT 2022"]
[Source "ChessBase"]
[SourceDate "2021.10.06"]
[SourceVersion "1"]
[SourceVersionDate "2021.10.06"]
[SourceQuality "1"]

1. d4 d5 2. c4 c6 3. Nf3 Nf6 4. Nc3 dxc4 5. a4 Bf5 6. Ne5 Nbd7 7. Nxc4 Qc7 8. g3 e5 9. dxe5 Nxe5 10. Bf4 Nfd7 11. Bg2 f6 12. Nxe5 fxe5 13. Be3 Nc5 14. Bxc5 Bxc5 15. Qb3 Qb6 16. Qxb6 axb6 17. 0-0 Ke7 18. Be4 Be6 19. Bc2 h6 20. Rfd1 Rhd8 21. Kg2 Rd4 22. e3 Rxd1 23. Rxd1 Bb4 24. Rd2 b5 25. axb5 Bxc3 26. bxc3 Ra2 27. bxc6 bxc6 28. Kf3 Bb3 29. Bxb3 Rxd2 30. Bg8 Kf6 31. h4 h5 32. Bh7 g6 33. Bg8 Rd3 34. Ke4 Rxc3 35. f4 Rc5 36. Bb3 Rb5 37. Bc4 Ra5 38. Bb3 exf4 39. gxf4 Ra1 40. Kd4 Rh1 41. Bc2 Rxh4 42. Be4 g5 43. f5 Rxe4+ 44. Kxe4 h4 0-1

[Event "Toronto PWC op"]
[Site "Toronto"]
[Date "2009.04.18"]
[Round "2"]
[White "Puri, Vinny"]
[Black "Perelshteyn, Eugene"]
[Result "0-1"]
[WhiteElo "2235"]
[BlackElo "2543"]
[PlyCount "44"]
[EventDate "2009.04.17"]
[EventType "swiss"]
[EventRounds "5"]
[EventCountry "CAN"]
[SourceTitle "CBM 129 Extra"]
[Source "ChessBase"]
[SourceDate "2009.05.05"]
[SourceVersion "2"]
[SourceVersionDate "2009.05.20"]
[SourceQuality "1"]

1. d4 Nf6 2. c4 g6 3. Nc3 Bg7 4. e4 d6 5. f3 a6 6. Be3 c6 7. a3 b5 8. cxb5 cxb5 9. d5 0-0 10. Bd3 e6 11. dxe6 Bxe6 12. Nge2 Nc6 13. 0-0 d5 14. exd5 Nxd5 15. Nxd5 Bxd5 16. Nc3 Bb3 17. Qxb3 Qxd3 18. Rfe1 Na5 19. Qb4 Nc4 20. Rad1 Qc2 21. Bc1 Rfe8 22. a4 Bf8 0-1

[Event "Toronto PWC op"]
[Site "Toronto"]
[Date "2009.04.17"]
[Round "1"]
[White "Semyonov, Vladimir"]
[Black "Puri, Vinny"]
[Result "0-1"]
[WhiteElo "2070"]
[BlackElo "2235"]
[PlyCount "86"]
[EventDate "2009.04.17"]
[EventType "swiss"]
[EventRounds "5"]
[EventCountry "CAN"]
[SourceTitle "CBM 129 Extra"]
[Source "ChessBase"]
[SourceDate "2009.05.05"]
[SourceVersion "2"]
[SourceVersionDate "2009.05.20"]
[SourceQuality "1"]

1. d4 Nf6 2. Nf3 g6 3. Bf4 Bg7 4. e3 0-0 5. h3 d5 6. Nbd2 c5 7. c3 cxd4 8. exd4 Bf5 9. Be2 Ne4 10. Qb3 Nxd2 11. Nxd2 Qd7 12. Nf3 Nc6 13. 0-0 Rac8 14. Rfe1 f6 15. Bf1 Rfe8 16. Rad1 Kh8 17. Bg3 Rcd8 18. Nh4 Be6 19. Nf3 Bg8 20. Qc2 a6 21. b4 e5 22. dxe5 fxe5 23. b5 axb5 24. Bxb5 e4 25. Bxc6 bxc6 26. Nd2 Qf5 27. Nb3 Qf6 28. Rd4 Qf8 29. a4 c5 30. Rdd1 d4 31. cxd4 cxd4 32. Nd2 Bd5 33. Qc7 e3 34. fxe3 dxe3 35. Nf3 Rc8 36. Qf4 Bxf3 37. gxf3 e2 38. Qxf8+ Bxf8 39. Rd5 Bb4 40. Be5+ Rxe5 41. Rxe5 Bxe1 42. Rxe2 Ba5 43. Re5 Ra8 0-1

[Event "Las Vegas Masters"]
[Site "Las Vegas"]
[Date "2006.06.14"]
[Round "9"]
[White "Bick, John D"]
[Black "Puri, Vinny"]
[Result "0-1"]
[WhiteElo "2238"]
[BlackElo "2246"]
[PlyCount "74"]
[EventDate "2006.06.10"]
[EventType "swiss"]
[EventRounds "9"]
[EventCountry "USA"]
[SourceTitle "CBM 112 Extra"]
[Source "ChessBase"]
[SourceDate "2006.07.14"]
[SourceVersion "1"]
[SourceVersionDate "2006.07.14"]
[SourceQuality "1"]

1. d4 Nf6 2. c4 g6 3. Nc3 Bg7 4. e4 d6 5. Be2 0-0 6. Bg5 Na6 7. Nf3 e5 8. 0-0 Qe8 9. c5 exd4 10. Bxf6 dxc3 11. Bxg7 Kxg7 12. Qd4+ Kg8 13. cxd6 cxb2 14. Rad1 cxd6 15. e5 dxe5 16. Nxe5 Be6 17. Qxb2 Nc5 18. Rfe1 Rd8 19. Rc1 Rc8 20. Bc4 Qd8 21. Bxe6 fxe6 22. Ng4 Qg5 23. Qe2 b6 24. Rc4 Rcd8 25. h4 Qd2 26. Qe5 Rd5 27. Qa1 h5 28. Kh2 hxg4 29. Rxg4 Kh7 30. Re3 Qxf2 31. Reg3 Rf6 32. Qb1 Rd4 33. Rf3 Qd2 34. Rxf6 Rxg4 35. Qf1 Rxh4+ 36. Kg1 Qe3+ 37. Rf2 Rf4 0-1

[Event "Las Vegas Masters"]
[Site "Las Vegas"]
[Date "2006.06.11"]
[Round "3"]
[White "Boor, Carl Brandon"]
[Black "Puri, Vinny"]
[Result "1/2-1/2"]
[WhiteElo "2233"]
[BlackElo "2246"]
[PlyCount "105"]
[EventDate "2006.06.10"]
[EventType "swiss"]
[EventRounds "9"]
[EventCountry "USA"]
[SourceTitle "CBM 112 Extra"]
[Source "ChessBase"]
[SourceDate "2006.07.14"]
[SourceVersion "1"]
[SourceVersionDate "2006.07.14"]
[SourceQuality "1"]

1. b4 e6 2. Bb2 Nf6 3. a3 d5 4. Nf3 Bd6 5. e3 Nbd7 6. c4 c6 7. Nc3 0-0 8. Be2 e5 9. d4 e4 10. Nd2 Bc7 11. Qc2 Nb6 12. Rc1 Ne8 13. a4 Qg5 14. g3 Be6 15. a5 Nd7 16. Ba3 a6 17. cxd5 cxd5 18. Nb3 Rc8 19. Qb2 Nd6 20. Nc5 Nxc5 21. bxc5 Nc4 22. Bxc4 dxc4 23. Bb4 Qh5 24. h4 Qf3 25. Rg1 Rfd8 26. Qc2 f5 27. Qe2 Qxe2+ 28. Kxe2 Bd7 29. Kd2 Kf7 30. Nb1 Bb5 31. Kc3 Ke6 32. Nd2 Kd5 33. Rcf1 g6 34. f3 exf3 35. Rxf3 h5 36. e4+ fxe4 37. Re3 Re8 38. Rge1 Re6 39. Rxe4 Rxe4 40. Nxe4 Rf8 41. Re3 Rf1 42. Nd6 Kc6 43. Ne4 Rb1 44. d5+ Kd7 45. c6+ bxc6 46. Nf6+ Kc8 47. Re8+ Kb7 48. Re7 Rb3+ 49. Kd4 Rd3+ 50. Ke4 Kc8 51. Re8+ Kb7 52. Re7 Kc8 53. Re8+ 1/2-1/2

[Event "Las Vegas Masters"]
[Site "Las Vegas"]
[Date "2006.06.11"]
[Round "4"]
[White "Puri, Vinny"]
[Black "Taylor, Timothy"]
[Result "0-1"]
[WhiteElo "2246"]
[BlackElo "2330"]
[PlyCount "78"]
[EventDate "2006.06.10"]
[EventType "swiss"]
[EventRounds "9"]
[EventCountry "USA"]
[SourceTitle "CBM 112 Extra"]
[Source "ChessBase"]
[SourceDate "2006.07.14"]
[SourceVersion "1"]
[SourceVersionDate "2006.07.14"]
[SourceQuality "1"]

1. c4 f5 2. Nf3 Nf6 3. g3 d6 4. d4 c6 5. Bg2 Qc7 6. 0-0 e5 7. c5 e4 8. cxd6 Bxd6 9. Nfd2 Be6 10. Qc2 Qf7 11. b3 Nbd7 12. Nc4 Bc7 13. Ba3 0-0-0 14. Nd6+ Bxd6 15. Bxd6 h5 16. b4 Nb6 17. Be5 Ng4 18. b5 Nxe5 19. dxe5 Kb8 20. bxc6 Rc8 21. Na3 Rxc6 22. Qb2 h4 23. Rfc1 hxg3 24. hxg3 Rxc1+ 25. Rxc1 Bxa2 26. Nb5 Qb3 27. Qxb3 Bxb3 28. Nd4 Bd5 29. Nxf5 Re8 30. Rc5 g6 31. Ne3 Bc6 32. Bh3 Na4 33. Rc4 Rxe5 34. Bg2 Rc5 35. Rd4 Nc3 36. Bf1 a5 37. Rd6 a4 38. Rxg6 a3 39. Nc2 Nxe2+ 0-1

[Event "Todd Southam Memorial"]
[Site "Toronto"]
[Date "2004.06.13"]
[Round "4"]
[White "Krnan, Tomas"]
[Black "Puri, Vinny"]
[Result "1-0"]
[WhiteElo "2312"]
[BlackElo "2253"]
[PlyCount "47"]
[EventDate "2004.06.13"]
[EventType "schev (rapid)"]
[EventRounds "6"]
[EventCountry "CAN"]
[SourceTitle "CBM 100 Extra"]
[Source "ChessBase"]
[SourceDate "2004.07.06"]
[SourceVersion "2"]
[SourceVersionDate "2004.07.06"]
[SourceQuality "1"]

1. e4 e5 2. Nf3 Nc6 3. Bb5 Nf6 4. 0-0 Nxe4 5. d4 Nd6 6. Bxc6 dxc6 7. dxe5 Nf5 8. Qxd8+ Kxd8 9. Rd1+ Ke8 10. Nc3 h6 11. h3 Be6 12. Bf4 g5 13. Bd2 Bg7 14. Ne4 b6 15. Bc3 Rd8 16. Re1 Kd7 17. Nf6+ Bxf6 18. exf6 Kc8 19. Ne5 Kb7 20. Rad1 c5 21. a3 Rhe8 22. Rxd8 Rxd8 23. Ng6 Nd6 24. Ne7 1-0

[Event "Biel MTO op"]
[Site "Biel"]
[Date "1990.??.??"]
[Round "11"]
[White "Puri, Vinny"]
[Black "Franzoni, Giancarlo"]
[Result "0-1"]
[WhiteElo "2255"]
[BlackElo "2455"]
[PlyCount "66"]
[EventDate "1990.07.??"]
[EventType "swiss"]
[EventRounds "11"]
[EventCountry "SUI"]
[SourceTitle "EXT 2000"]
[Source "ChessBase"]
[SourceDate "1999.11.16"]
[SourceVersion "1"]
[SourceVersionDate "1999.11.16"]
[SourceQuality "1"]

1. d4 Nf6 2. c4 e6 3. Nf3 Bb4+ 4. Nbd2 b6 5. g3 Bb7 6. Bg2 0-0 7. 0-0 Bxd2 8. Qxd2 Be4 9. b3 d6 10. Bb2 Nbd7 11. Rfd1 Qe7 12. Qc3 h6 13. d5 e5 14. Bh3 Bh7 15. Nd2 Ne8 16. f4 exf4 17. gxf4 Nc5 18. Kh1 Be4+ 19. Nxe4 Qxe4+ 20. Bg2 Qxf4 21. Rd4 Qe5 22. Qd2 f5 23. Rg1 Qe7 24. Bf3 Kh7 25. Bh5 g5 26. h4 Ne4 27. Qe3 N8f6 28. Bf3 Ng3+ 29. Rxg3 Qxe3 30. hxg5 Ne4 31. g6+ Kg8 32. Rxe4 fxe4 33. g7 Rxf3 0-1

[Event "US Open-90"]
[Site "Chicago"]
[Date "1989.??.??"]
[Round "2"]
[White "Puri, Vinny"]
[Black "Larsen, Jeremy"]
[Result "1-0"]
[WhiteElo "2285"]
[BlackElo "2580"]
[PlyCount "55"]
[EventDate "1989.08.05"]
[EventType "swiss"]
[EventRounds "12"]
[EventCountry "USA"]
[SourceTitle "EXT 1997"]
[Source "ChessBase"]
[SourceDate "1996.11.15"]
[SourceVersion "1"]
[SourceVersionDate "1996.11.15"]
[SourceQuality "1"]

1. d4 Nf6 2. c4 g6 3. Nc3 Bg7 4. e4 d6 5. f3 0-0 6. Be3 Nc6 7. Qd2 a6 8. Nge2 Re8 9. 0-0-0 b5 10. g4 Rb8 11. h4 h5 12. Nd5 e5 13. Bg5 Nxd4 14. Nxd4 exd4 15. gxh5 c6 16. h6 Bh8 17. h7+ Kxh7 18. h5 cxd5 19. hxg6+ Kg8 20. Rxh8+ Kxh8 21. Qh2+ Kg8 22. g7 Nh7 23. Bxd8 Rxd8 24. Bd3 Kxg7 25. Rg1+ Kf8 26. Qxh7 bxc4 27. Rg8+ Ke7 28. Qh4+ 1-0

[Event "US Open-89"]
[Site "Boston"]
[Date "1988.08.15"]
[Round "8"]
[White "Puri, Vinny"]
[Black "Peters, Jack"]
[Result "1-0"]
[WhiteElo "2285"]
[BlackElo "2495"]
[PlyCount "57"]
[EventDate "1988.08.07"]
[EventType "swiss"]
[EventRounds "12"]
[EventCountry "USA"]
[SourceTitle "EXT 2000"]
[Source "ChessBase"]
[SourceDate "1999.11.16"]
[SourceVersion "1"]
[SourceVersionDate "1999.11.16"]
[SourceQuality "1"]

1. c4 Nf6 2. Nc3 c5 3. Nf3 d5 4. cxd5 Nxd5 5. d4 e6 6. e4 Nxc3 7. bxc3 cxd4 8. cxd4 Nc6 9. Be2 Bb4+ 10. Bd2 Bxd2+ 11. Qxd2 0-0 12. 0-0 Qe7 13. Rfd1 b6 14. d5 exd5 15. exd5 Rd8 16. d6 Qf6 17. Rac1 Bd7 18. Ba6 Na5 19. Qd4 Qxd4 20. Rxd4 Bc8 21. Bd3 Be6 22. Ng5 Bxa2 23. Bxh7+ Kf8 24. Rc7 f6 25. Nh3 Bf7 26. Nf4 Nc4 27. Rdxc4 g5 28. Rxf7+ Kxf7 29. Rc7+ 1-0

[Event "US Open-89"]
[Site "Boston"]
[Date "1988.??.??"]
[Round "?"]
[White "Gurevich, Ilya"]
[Black "Puri, Vinny"]
[Result "1/2-1/2"]
[WhiteElo "2400"]
[BlackElo "2285"]
[PlyCount "88"]
[EventDate "1988.08.07"]
[EventType "swiss"]
[EventRounds "12"]
[EventCountry "USA"]
[SourceTitle "EXT 2000"]
[Source "ChessBase"]
[SourceDate "1999.11.16"]
[SourceVersion "1"]
[SourceVersionDate "1999.11.16"]
[SourceQuality "1"]

1. e4 e5 2. Nf3 Nc6 3. Bb5 Nf6 4. 0-0 Nxe4 5. d4 Nd6 6. Bxc6 dxc6 7. dxe5 Nf5 8. Qxd8+ Kxd8 9. c4 Be6 10. b3 h6 11. g4 Ne7 12. h3 c5 13. Nc3 Kd7 14. Ne2 g5 15. Ng3 Kc6 16. Nh5 Rd8 17. Bb2 Ng6 18. Kg2 Be7 19. Rfd1 a6 20. a4 Rxd1 21. Rxd1 b5 22. axb5+ axb5 23. Kg3 bxc4 24. bxc4 Rb8 25. Bc3 Bxc4 26. Nd2 Rd8 27. Re1 Rd3+ 28. Re3 Rxe3+ 29. fxe3 Bd3 30. Ng7 Kd5 31. Ne8 Nxe5 32. Nxc7+ Kd6 33. Ne8+ Kd7 34. Bxe5 Kxe8 35. e4 Kd7 36. Kf3 f6 37. Ke3 Bb5 38. Bg3 Bd6 39. Bxd6 Kxd6 40. Nf3 Bf1 41. h4 Bg2 42. hxg5 fxg5 43. Nd2 Bh3 44. Kf3 Ke5 1/2-1/2

[Event "National op"]
[Site "Chicago"]
[Date "1988.??.??"]
[Round "?"]
[White "Rohde, Michael A"]
[Black "Puri, Vinny"]
[Result "1-0"]
[WhiteElo "2555"]
[BlackElo "2285"]
[PlyCount "47"]
[EventDate "1988.??.??"]
[EventType "swiss"]
[EventRounds "9"]
[EventCountry "USA"]
[SourceTitle "EXT 1997"]
[Source "ChessBase"]
[SourceDate "1996.11.15"]
[SourceVersion "1"]
[SourceVersionDate "1996.11.15"]
[SourceQuality "1"]

1. Nf3 Nf6 2. c4 e6 3. Nc3 d5 4. d4 Be7 5. Bg5 Nbd7 6. e3 0-0 7. cxd5 exd5 8. Qc2 c6 9. Bd3 Re8 10. 0-0 Nf8 11. Rae1 g6 12. Ne5 Ne6 13. f4 Nc7 14. h3 Nd7 15. Bxe7 Qxe7 16. e4 dxe4 17. Nxe4 Kf8 18. Nxf7 Qxf7 19. Ng5 Qg8 20. Bc4 Qh8 21. Nf7 Qg8 22. Nd6 Qh8 23. Nxe8 Nxe8 24. Qe4 1-0

[Event "Wch U20"]
[Site "Baguio City"]
[Date "1987.??.??"]
[Round "?"]
[White "Klinger, Josef"]
[Black "Puri, Vinny"]
[Result "1-0"]
[WhiteElo "2490"]
[BlackElo "2285"]
[PlyCount "105"]
[EventDate "1987.07.??"]
[EventType "swiss"]
[EventRounds "13"]
[EventCountry "PHI"]
[SourceTitle "EXT 1997"]
[Source "ChessBase"]
[SourceDate "1996.11.15"]
[SourceVersion "1"]
[SourceVersionDate "1996.11.15"]
[SourceQuality "1"]

1. e4 e5 2. Nf3 Nc6 3. Bb5 Nf6 4. d3 d6 5. 0-0 Bd7 6. c3 Be7 7. Nbd2 0-0 8. Re1 Re8 9. Nf1 h6 10. Ng3 Bf8 11. a3 Ne7 12. Bc4 b5 13. Ba2 c6 14. h3 Qc7 15. Be3 Ng6 16. Qd2 Be6 17. Bb1 d5 18. d4 Nxe4 19. Nxe4 dxe4 20. Nxe5 Bf5 21. Bf4 f6 22. Nxg6 Bxg6 23. f3 f5 24. fxe4 fxe4 25. Be5 Qd7 26. Qf4 Re6 27. Ba2 Kh7 28. Bxe6 Qxe6 29. Rxe4 Bxe4 30. Qxe4+ Qg6 31. Re1 Qxe4 32. Rxe4 Kg6 33. Kf2 a5 34. Bd6 Bxd6 35. Re6+ Kf7 36. Rxd6 Rc8 37. d5 cxd5 38. Rxd5 Rb8 39. Ke3 Ke6 40. Kd4 Rb7 41. b4 axb4 42. axb4 Rb6 43. Kc5 Rb8 44. Rd2 h5 45. Kc6 g5 46. Re2+ Kf5 47. Kc5 g4 48. hxg4+ hxg4 49. c4 bxc4 50. Kxc4 g3 51. b5 Kg4 52. Rb2 Rc8+ 53. Kd3 1-0

[Event "Wch U20"]
[Site "Baguio City"]
[Date "1987.??.??"]
[Round "?"]
[White "Puri, Vinny"]
[Black "Agdestein, Simen"]
[Result "0-1"]
[WhiteElo "2285"]
[BlackElo "2565"]
[PlyCount "68"]
[EventDate "1987.07.??"]
[EventType "swiss"]
[EventRounds "13"]
[EventCountry "PHI"]
[SourceTitle "EXT 1997"]
[Source "ChessBase"]
[SourceDate "1996.11.15"]
[SourceVersion "1"]
[SourceVersionDate "1996.11.15"]
[SourceQuality "1"]

1. Nf3 Nf6 2. c4 e6 3. d4 b6 4. a3 Ba6 5. Qc2 Bb7 6. Nc3 c5 7. e4 cxd4 8. Nxd4 Nc6 9. Nxc6 Bxc6 10. Be2 Qb8 11. 0-0 h5 12. h3 Bc5 13. Bd3 Ng4 14. hxg4 hxg4 15. Re1 Qh2+ 16. Kf1 Qh1+ 17. Ke2 Qxg2 18. Rf1 Rh2 19. Nd1 Qf3+ 20. Ke1 g3 21. Qe2 gxf2+ 22. Kd2 Qf6 23. Kc2 Ba4+ 24. Kb1 Bxd1 25. Rxd1 Bd4 26. Rf1 Rh3 27. Ra2 Ke7 28. b3 Rah8 29. Bb2 Rh1 30. e5 Rxf1+ 31. Qxf1 Qf3 32. Bxd4 Rh1 33. Kc2 Rxf1 34. Bxf1 Qe4+ 0-1

[Event "Wch U20"]
[Site "Baguio City"]
[Date "1987.??.??"]
[Round "?"]
[White "Puri, Vinny"]
[Black "Hansen, Lars Bo"]
[Result "1-0"]
[WhiteElo "2285"]
[BlackElo "2355"]
[PlyCount "85"]
[EventDate "1987.07.??"]
[EventType "swiss"]
[EventRounds "13"]
[EventCountry "PHI"]
[SourceTitle "EXT 1997"]
[Source "ChessBase"]
[SourceDate "1996.11.15"]
[SourceVersion "1"]
[SourceVersionDate "1996.11.15"]
[SourceQuality "1"]

1. Nf3 Nf6 2. c4 c5 3. Nc3 e6 4. g3 b6 5. Bg2 Bb7 6. 0-0 d6 7. d4 cxd4 8. Qxd4 a6 9. b3 Nbd7 10. e4 Qc8 11. Ba3 Nc5 12. Rfe1 Be7 13. Rad1 0-0 14. Re2 Rd8 15. Ne1 Qc7 16. Red2 Rac8 17. Qe3 Qb8 18. Nd3 Nfd7 19. Nxc5 Nxc5 20. Bxc5 bxc5 21. e5 Bxg2 22. exd6 Rxd6 23. Rxd6 Bxd6 24. Kxg2 Be5 25. Ne2 Bf6 26. Qe4 Qb4 27. Rd7 Rf8 28. Nf4 Qa5 29. Nd3 Qa3 30. Rc7 Bd4 31. b4 Qxa2 32. bxc5 e5 33. Rd7 Qa4 34. c6 a5 35. Qd5 Bb6 36. c7 Bxc7 37. Rxc7 Qc2 38. Nxe5 Qf5 39. Nf3 Qxd5 40. cxd5 Rd8 41. Ra7 f6 42. Rxa5 Kf7 43. Nd4 1-0

[Event "Wch U20"]
[Site "Baguio City"]
[Date "1987.??.??"]
[Round "?"]
[White "Puri, Vinny"]
[Black "Wessman, Richard"]
[Result "1-0"]
[WhiteElo "2285"]
[BlackElo "2285"]
[PlyCount "165"]
[EventDate "1987.07.??"]
[EventType "swiss"]
[EventRounds "13"]
[EventCountry "PHI"]
[SourceTitle "EXT 1997"]
[Source "ChessBase"]
[SourceDate "1996.11.15"]
[SourceVersion "1"]
[SourceVersionDate "1996.11.15"]
[SourceQuality "1"]

1. c4 e6 2. Nf3 Nf6 3. d4 b6 4. a3 Ba6 5. Qc2 Bb7 6. Nc3 c5 7. e4 cxd4 8. Nxd4 d6 9. Be2 Nbd7 10. Be3 Be7 11. 0-0 Qc7 12. Rfd1 a6 13. f3 0-0 14. Rac1 Rac8 15. Bf1 Rfe8 16. Qf2 Qb8 17. Nb3 Nc5 18. Nd2 Bd8 19. g4 d5 20. b4 Ncd7 21. g5 Nh5 22. exd5 exd5 23. cxd5 Qe5 24. Nde4 f5 25. gxf6 Ndxf6 26. Bd4 Qf4 27. Bh3 Rc4 28. Be3 Qe5 29. Be6+ Kh8 30. Ng5 Rf8 31. Qd2 Bc7 32. Nce4 Rxc1 33. Rxc1 Bxd5 34. Rxc7 Bxe6 35. Qd6 Qxd6 36. Nxd6 Bd5 37. Bxb6 h6 38. Ngf7+ Kh7 39. Ne5 Nf4 40. Bc5 N6h5 41. Kf2 Ng6 42. Ndf7 Re8 43. Ng4 Nhf4 44. Nfe5 Kg8 45. Nxg6 Nxg6 46. Ne3 Bf7 47. Nf5 Re5 48. Nd6 Bd5 49. Ra7 Nf4 50. Bd4 Nd3+ 51. Kf1 Re1+ 52. Kg2 Nf4+ 53. Kf2 Nd3+ 54. Kg3 Rf1 55. Ne4 Bf7 56. Rxa6 Bh5 57. Nd2 Rd1 58. Be3 Re1 59. Bd4 Rd1 60. Be3 Re1 61. Ba7 Re2 62. Ra5 g5 63. Ne4 Bg6 64. Nf2 Ne5 65. Bd4 Nc6 66. Ra8+ Kf7 67. Bc5 h5 68. b5 Re5 69. bxc6 Rxc5 70. Ra7+ Kf6 71. c7 Bf5 72. Kg2 Rc3 73. h3 Ke5 74. Rb7 Kf4 75. a4 Rc2 76. a5 g4 77. hxg4 hxg4 78. Rb4+ Ke3 79. Rb3+ Kf4 80. fxg4 Be4+ 81. Kg1 Bd5 82. Rb5 Bf3 83. Rc5 1-0

[Event "Wch U20"]
[Site "Baguio City"]
[Date "1987.??.??"]
[Round "?"]
[White "Sokolov, Ivan"]
[Black "Puri, Vinny"]
[Result "1-0"]
[WhiteElo "2525"]
[BlackElo "2285"]
[PlyCount "57"]
[EventDate "1987.07.??"]
[EventType "swiss"]
[EventRounds "13"]
[EventCountry "PHI"]
[SourceTitle "EXT 1997"]
[Source "ChessBase"]
[SourceDate "1996.11.15"]
[SourceVersion "1"]
[SourceVersionDate "1996.11.15"]
[SourceQuality "1"]

1. d4 Nf6 2. c4 e6 3. Nc3 d5 4. Bf4 c5 5. Nf3 Nc6 6. Nb5 Qa5+ 7. Nd2 dxc4 8. Nc7+ Kd7 9. Nxa8 cxd4 10. g3 e5 11. Bg5 h6 12. Bxf6 gxf6 13. Bh3+ Kd8 14. Bxc8 Kxc8 15. 0-0 Qd5 16. Qa4 Kb8 17. Nxc4 Bc5 18. Na5 Kxa8 19. Nxc6 bxc6 20. Rac1 Kb7 21. Rc4 Rc8 22. Rfc1 Bb6 23. Qb4 c5 24. Qd2 Rh8 25. b4 cxb4 26. Qxb4 Re8 27. a4 e4 28. Rc5 a5 29. Qb5 1-0